Films de James Cameron par images - Statistiques

Statistiques générales
  • Ce quiz a été pris 1 358 fois
  • Le résultat moyen est 4 sur 7
Statistiques - réponses
Par images Réponse % Correct
Avatar
100%
Titanic
100%
Terminator
84%
Aliens, le retour
73%
Abyss
27%
True Lies
22%
Piranha 2 : Les Tueurs volants
15%
Aucun quiz correspondant
Distribution des résultats
% des personnes avec chaque résultat
Percentile par nombre de réponses
Votre historique - résultats
Vous n’avez pas pris ce quiz